[Event "Mestre Sheraton op-A 1st"]
[Site "Mestre"]
[Date "2021.02.27"]
[Round "3"]
[White "Pegno, Mattia"]
[Black "Pasini, Nicolo"]
[Result "1-0"]
[WhiteElo "1941"]
[BlackElo "2220"]
[PlyCount "119"]
[EventDate "2021.02.26"]
[EventType "swiss"]
[EventRounds "5"]
[EventCountry "ITA"]
[SourceTitle "EXT 2022"]
[Source "ChessBase"]
[SourceDate "2021.10.06"]
[SourceVersion "1"]
[SourceVersionDate "2021.10.06"]
[SourceQuality "1"]

1. e4 c5 2. Nf3 Nc6 3. d4 cxd4 4. Nxd4 g6 5. Nc3 Bg7 6. Be3 Nf6 7. Be2 0-0 8. Nb3 a6 9. a4 d6 10. 0-0 Be6 11. f4 Rc8 12. Bf3 Bxb3 13. cxb3 Qa5 14. Rc1 Rfd8 15. Rf2 Nb4 16. Rd2 Re8 17. Kh1 Nd7 18. e5 Nc5 19. exd6 exd6 20. Bg1 Rcd8 21. Nd5 Nxd5 22. Rxd5 b6 23. Rxd6 Rxd6 24. Qxd6 Bxb2 25. Rd1 Re1 26. Rxe1 Qxe1 27. Qxb6 Ne6 28. Qe3 Qa1 29. Qd2 Nd4 30. Qd1 Nxf3 31. Qxa1 Bxa1 32. gxf3 Bc3 33. Kg2 Kg7 34. Bc5 a5 35. Be7 f6 36. Kf2 Kf7 37. Bd8 Ke6 38. Ke3 Kf5 39. Bc7 Ke6 40. Kd3 Bb4 41. Kc4 Kd7 42. Bb6 Kc6 43. Bd4 Be7 44. Bc3 Bd8 45. h3 f5 46. b4 axb4 47. Bxb4 Bc7 48. Bd2 Bb6 49. a5 Ba7 50. Bc3 Be3 51. Be5 Bd2 52. a6 Be3 53. Bb8 h6 54. a7 Kb7 55. Kd5 Bb6 56. Ke6 Bd8 57. Kf7 g5 58. Kg6 gxf4 59. Kxh6 Bh4 60. Kg6 1-0

[Event "Lignano Sabbiadoro op 6th"]
[Site "Lignano Sabbiadoro"]
[Date "2020.08.03"]
[Round "3"]
[White "Damia, Angelo"]
[Black "Pegno, Mattia"]
[Result "1/2-1/2"]
[WhiteElo "2289"]
[BlackElo "2001"]
[PlyCount "120"]
[EventDate "2020.08.01"]
[EventType "swiss"]
[EventRounds "9"]
[EventCountry "ITA"]
[SourceTitle "EXT 2021"]
[Source "ChessBase"]
[SourceDate "2020.10.23"]
[SourceVersion "1"]
[SourceVersionDate "2020.10.23"]
[SourceQuality "1"]

1. e4 c5 2. Nf3 Nc6 3. d4 cxd4 4. Nxd4 g6 5. c4 Nf6 6. Nc3 d6 7. h3 Nxd4 8. Qxd4 Bg7 9. Be3 0-0 10. Qd2 Be6 11. Rc1 Qa5 12. Bd3 Rfc8 13. Nd5 Qxd2+ 14. Kxd2 Bxd5 15. cxd5 Nd7 16. Rxc8+ Rxc8 17. Rc1 Rxc1 18. Kxc1 Nc5 19. Bc2 b6 20. b4 Na6 21. a3 Kf8 22. Bd3 Nc7 23. Kc2 Ke8 24. a4 Kd8 25. a5 bxa5 26. b5 Kc8 27. Bxa7 Kb7 28. Be3 a4 29. f4 Na8 30. Bc4 Nb6 31. Ba2 Ba1 32. Kd3 Nd7 33. Kc4 Nb6+ 34. Kb4 Bb2 35. g4 f6 36. h4 h6 37. e5 f5 38. gxf5 gxf5 39. e6 h5 40. Bd2 Bd4 41. Be1 Ka7 42. Ka3 Bc5+ 43. Bb4 Bxb4+ 44. Kxb4 Kb7 45. Kc3 Na8 46. Bb1 Nc7 47. Kc4 Ne8 48. Bxf5 Nf6 49. Bg6 Kb6 50. Bc2 a3 51. Bb1 Ka5 52. Ba2 Ne4 53. f5 Nf6 54. Bb3 Ng4 55. b6 Kxb6 56. Kb4 Nf6 57. Ba2 Ne4 58. Bb3 Nf6 59. Ba2 Ne8 60. Bc4 Nf6 1/2-1/2

[Event "Robecchetto op 32nd"]
[Site "Robecchetto"]
[Date "2019.12.29"]
[Round "5"]
[White "Pavesi, Brando"]
[Black "Pegno, Mattia"]
[Result "1-0"]
[WhiteElo "2079"]
[BlackElo "1872"]
[PlyCount "135"]
[EventDate "2019.12.26"]
[EventType "swiss"]
[EventRounds "6"]
[EventCountry "ITA"]
[SourceTitle "CBM 194 Extra"]
[Source "ChessBase"]
[SourceDate "2020.03.31"]
[SourceVersion "1"]
[SourceVersionDate "2020.03.31"]
[SourceQuality "1"]

1. Nf3 Nf6 2. g3 d5 3. Bg2 e6 4. 0-0 Be7 5. d3 b6 6. Nbd2 Bb7 7. e4 dxe4 8. Ng5 Nbd7 9. Ngxe4 Nxe4 10. Nxe4 Rb8 11. Be3 Nf6 12. Qe2 0-0 13. f4 Nd5 14. Bd2 Nb4 15. Bc3 Nc6 16. Kh1 Nd4 17. Qf2 c5 18. Rac1 Qd7 19. b3 Rbd8 20. Bb2 h5 21. Qe1 a5 22. Qd1 g6 23. a4 Ba8 24. Qe1 Bc6 25. Qf2 Qb7 26. h3 Kh7 27. Nd2 Bxg2+ 28. Qxg2 Qxg2+ 29. Kxg2 Rb8 30. Kf2 Bf6 31. Nc4 Rfd8 32. Kg2 Kg7 33. g4 hxg4 34. hxg4 Nc6 35. f5 Bxb2 36. Nxb2 exf5 37. gxf5 g5 38. Nc4 Kf6 39. Rce1 b5 40. axb5 Rxb5 41. Kg3 Nd4 42. Rf2 Nxc2 43. Rxc2 Rxd3+ 44. Kf2 Rbxb3 45. Ne3 a4 46. Rxc5 a3 47. Ng4+ Kg7 48. f6+ Kg6 49. Ne5+ Kxf6 50. Nxd3 Rxd3 51. Ra5 Kg6 52. Re3 Rd2+ 53. Re2 Rd3 54. Ra2 f6 55. R5xa3 Rd4 56. Ra6 Rd5 57. R2a3 Rd2+ 58. Kg3 Rd7 59. Rf3 Rf7 60. Kg4 Rf8 61. Rf5 Kg7 62. Rb6 Rf7 63. Kh5 g4 64. Kxg4 Kg6 65. Rg5+ Kh7 66. Rgb5 Kg6 67. Rb7 f5+ 68. Kf4 1-0

[Event "EU-ch U14"]
[Site "Bratislava"]
[Date "2019.08.07"]
[Round "6"]
[White "Aubury, Benjamin"]
[Black "Pegno, Mattia"]
[Result "0-1"]
[WhiteElo "1686"]
[BlackElo "1857"]
[PlyCount "118"]
[EventDate "2019.08.02"]
[EventType "swiss"]
[EventRounds "9"]
[EventCountry "SVK"]
[SourceTitle "EXT 2020"]
[Source "ChessBase"]
[SourceDate "2019.10.17"]
[SourceVersion "1"]
[SourceVersionDate "2019.10.17"]
[SourceQuality "1"]

1. d4 d5 2. c4 e6 3. Nf3 Nf6 4. g3 Be7 5. Bg2 0-0 6. 0-0 c6 7. Nc3 b6 8. Nd2 Bb7 9. Re1 Nbd7 10. e4 dxe4 11. Ndxe4 Nxe4 12. Nxe4 Nf6 13. Be3 Qd7 14. Qf3 Nxe4 15. Qxe4 Bf6 16. Rad1 Rfd8 17. Qf3 Qe7 18. b3 Rd7 19. Qg4 Rad8 20. c5 h5 21. Qxh5 Bxd4 22. Bxd4 Rxd4 23. cxb6 axb6 24. Rxd4 Rxd4 25. Qe5 Rd8 26. Rc1 c5 27. Qe2 Bxg2 28. Kxg2 Qd6 29. Rf1 Qd5+ 30. f3 Qf5 31. Rd1 Rd5 32. Rxd5 Qxd5 33. Kf2 Qd4+ 34. Qe3 Qa1 35. Qd2 Qf6 36. Qe3 Qb2+ 37. Qe2 Qd4+ 38. Qe3 e5 39. Ke2 Qb2+ 40. Qd2 Qd4 41. g4 f6 42. Qc2 Qg1 43. Kd3 Qf1+ 44. Qe2 Qa1 45. Qc2 Qg1 46. Qe2 b5 47. Qe4 Qb1+ 48. Kc3 Qa1+ 49. Kd3 Qxa2 50. Qd5+ Kh8 51. Qxc5 Qxb3+ 52. Kd2 Qxf3 53. Qxb5 Qxg4 54. Qe8+ Kh7 55. Ke1 Qg1+ 56. Ke2 Qxh2+ 57. Kf3 Qf4+ 58. Kg2 Qe4+ 59. Kg1 Qg6+ 0-1

[Event "EU-ch U14"]
[Site "Bratislava"]
[Date "2019.08.06"]
[Round "5"]
[White "Pegno, Mattia"]
[Black "Thorisson, Benedikt"]
[Result "1/2-1/2"]
[WhiteElo "1857"]
[BlackElo "1505"]
[PlyCount "124"]
[EventDate "2019.08.02"]
[EventType "swiss"]
[EventRounds "9"]
[EventCountry "SVK"]
[SourceTitle "EXT 2020"]
[Source "ChessBase"]
[SourceDate "2019.10.17"]
[SourceVersion "1"]
[SourceVersionDate "2019.10.17"]
[SourceQuality "1"]

1. e4 c5 2. Nf3 e6 3. d4 cxd4 4. Nxd4 a6 5. Bd3 Nf6 6. 0-0 Qc7 7. Qe2 d6 8. c4 Be7 9. Nc3 0-0 10. f4 Nbd7 11. Bd2 b6 12. Kh1 Bb7 13. Rae1 Nc5 14. b3 Rad8 15. Rc1 Rfe8 16. Nf3 Nxd3 17. Qxd3 h6 18. h3 Rd7 19. Rfe1 Qb8 20. Rcd1 Red8 21. Qe3 Ba8 22. Bc1 Qc7 23. Bb2 Qc5 24. Na4 Qxe3 25. Rxe3 Nxe4 26. Rde1 Ng3+ 27. Kh2 Nf5 28. Rd3 Rb8 29. g4 Nh4 30. Nxh4 Bxh4 31. Red1 d5 32. Be5 Rbb7 33. c5 b5 34. c6 bxa4 35. cxd7 Rxd7 36. bxa4 Bc6 37. a5 Be7 38. Rc3 Bb5 39. Rc7 Bd8 40. Rxd7 Bxd7 41. Bc3 Bc7 42. Kg3 g5 43. Bd2 Kh7 44. Rb1 Bb5 45. Rc1 gxf4+ 46. Bxf4 Bxa5 47. Rc8 Kg7 48. Be5+ f6 49. Bc3 Bxc3 50. Rxc3 Bc4 51. a3 Kg6 52. h4 e5 53. Rc2 f5 54. Rb2 Bb5 55. Rc2 f4+ 56. Kf3 Ba4 57. Rc1 Kf6 58. Rb1 Bb5 59. a4 Bxa4 60. Rb6+ Kg7 61. Rb7+ Kg6 62. Rb6+ Kg7 1/2-1/2

[Event "EU-ch U14"]
[Site "Bratislava"]
[Date "2019.08.02"]
[Round "1"]
[White "Pegno, Mattia"]
[Black "Shoshin, Kirill"]
[Result "0-1"]
[WhiteElo "1857"]
[BlackElo "2183"]
[PlyCount "108"]
[EventDate "2019.08.02"]
[EventType "swiss"]
[EventRounds "9"]
[EventCountry "SVK"]
[SourceTitle "EXT 2020"]
[Source "ChessBase"]
[SourceDate "2019.10.17"]
[SourceVersion "1"]
[SourceVersionDate "2019.10.17"]
[SourceQuality "1"]

1. e4 e6 2. d4 d5 3. e5 c5 4. c3 Qb6 5. Nf3 Bd7 6. a3 cxd4 7. cxd4 Bb5 8. Bxb5+ Qxb5 9. b4 Ne7 10. Nc3 Qd7 11. 0-0 Nbc6 12. Be3 Nc8 13. Rc1 Nb6 14. Nd2 Be7 15. f4 f5 16. Kh1 0-0 17. Na4 Kh8 18. Nc5 Bxc5 19. dxc5 Nc8 20. Nf3 a6 21. Qb3 N8a7 22. a4 Nd8 23. Nd4 Nac6 24. b5 Nxd4 25. Bxd4 Rg8 26. Be3 h6 27. Qb4 Qe8 28. Rf3 axb5 29. axb5 Ra2 30. Qb3 Re2 31. Rf2 Rxf2 32. Bxf2 g5 33. Qh3 Qg6 34. c6 bxc6 35. bxc6 Nf7 36. c7 Rc8 37. g3 Kh7 38. Qf1 gxf4 39. gxf4 Qg4 40. Be3 Nxe5 41. h3 Qg3 42. Bg1 Nc4 43. Re1 Rxc7 44. Rxe6 Rg7 45. Bh2 Qc3 46. Re2 Nd2 47. Qf2 Ne4 48. Qf1 d4 49. Rg2 Ra7 50. Qg1 Rd7 51. Qd1 Qxh3 52. Qa4 Rc7 53. Qd1 d3 54. Qg1 Qf3 0-1